000 00266nam a22001217a 4500
008 170221b xxu||||| |||| 00| 0 eng d
041 _aeng
080 _a615
100 _a5
101 _aSHF
245 _aPHARMACOLOGY OF ACING PROCESSES
_cB.BOLAND
942 _2udc
_cBK
999 _c5915
_d5915